Constructor Winners Of Random Years - Statistics

General Stats
  • This quiz has been taken 9 times
  • The average score is 40 of 45
Answer Stats
Question Tile Select % Correct
Constructor Winner In 1978 Alfa Romeo No
100%
Constructor Winner In 2021 Alfa Romeo No
100%
Constructor Winner In 2021 Alpha Tauri No
100%
Constructor Winner In 2021 Alpine No
100%
Constructor Winner In 1999 Arrows No
100%
Constructor Winner In 2021 Aston Martin No
100%
Constructor Winner In 1978 ATS No
100%
Constructor Winner In 2003 BAR-Honda No
100%
Constructor Winner In 1999 Benetton No
100%
Constructor Winner In 1969 Brabham No
100%
Constructor Winner In 1969 Eagle No
100%
Constructor Winner In 2021 Ferrari No
100%
Constructor Winner In 2003 Jaguar No
100%
Constructor Winner In 2003 Jordan No
100%
Constructor Winner In 1999 Jordan No
100%
Constructor Winner In 2003 Mclaren No
100%
Constructor Winner In 2021 Mclaren No
100%
Constructor Winner In 1969 Mclaren No
100%
Constructor Winner In 1999 Prost No
100%
Constructor Winner In 2003 Renault No
100%
Constructor Winner In 1978 Renault No
100%
Constructor Winner In 2003 Sauber No
100%
Constructor Winner In 1999 Sauber No
100%
Constructor Winner In 1999 Stewart No
100%
Constructor Winner In 2003 Williams No
100%
Constructor Winner In 1978 Williams No
100%
Constructor Winner In 2021 Williams No
100%
Constructor Winner In 1978 Wolf No
100%
Constructor Winner In 1969 BMW No
83%
Constructor Winner In 1969 BRM No
83%
Constructor Winner In 1969 Cooper No
83%
Constructor Winner In 2003 Ferrari Yes
83%
Constructor Winner In 1978 Ferrari No
83%
Constructor Winner In 1969 Ferrari No
83%
Constructor Winner In 1978 Mclaren No
83%
Constructor Winner In 2021 Mercedes Yes
83%
Constructor Winner In 2021 Red Bull No
83%
Constructor Winner In 2003 Toyota No
83%
Constructor Winner In 1978 Tyrell No
83%
Constructor Winner In 1999 Williams No
83%
Constructor Winner In 1969 Lotus No
67%
Constructor Winner In 1978 Lotus Yes
50%
Constructor Winner In 1999 Mclaren No
33%
Constructor Winner In 1999 Ferrari Yes
17%
Constructor Winner In 1969 Matra Yes
17%
No matching quizzes found
Score Distribution
Percent of People with Each Score
Percentile by Number Answered
Your Score History
You have not taken this quiz